[Event "EU-ch Seniors 50 22nd"]
[Site "Acqui Terme"]
[Date "2023.05.26"]
[Round "1"]
[White "Roatta, Luca"]
[Black "Porfireanu, Serban"]
[Result "1-0"]
[WhiteElo "2122"]
[BlackElo "1752"]
[PlyCount "109"]
[EventDate "2023.05.26"]
[EventType "swiss"]
[EventRounds "9"]
[EventCountry "ITA"]
[SourceTitle "CBM 214 Extra"]
[Source "ChessBase"]
[SourceDate "2023.07.31"]
[SourceVersion "1"]
[SourceVersionDate "2023.07.31"]
[SourceQuality "1"]

1. d4 Nf6 2. Bf4 d5 3. e3 c6 4. Bd3 e6 5. Nf3 Bd6 6. Ne5 0-0 7. Nd2 Qc7 8. g4 Nfd7 9. Nxd7 Nxd7 10. Bxd6 Qxd6 11. f4 c5 12. c3 c4 13. Bc2 b5 14. a3 Bb7 15. Qf3 Qe7 16. Qh3 g6 17. Ke2 f5 18. g5 a5 19. Qg2 Rab8 20. h4 e5 21. fxe5 Nxe5 22. Raf1 f4 23. dxe5 Qxe5 24. Kd1 d4 25. exd4 Bxg2 26. dxe5 Rbd8 27. Ke1 f3 28. Ne4 Bxh1 29. Rxh1 Kf7 30. a4 Ke6 31. axb5 Kxe5 32. Nc5 Kd5 33. b4 axb4 34. cxb4 Rde8+ 35. Kf2 Re2+ 36. Kg3 Rxc2 37. Rd1+ Ke5 38. Nd7+ Ke4 39. Nxf8 Ke3 40. b6 Rb2 41. Re1+ Kd2 42. Re6 Rxb4 43. Kxf3 c3 44. Rd6+ Kc1 45. Nxg6 hxg6 46. h5 c2 47. hxg6 Kb1 48. Rc6 Rb3+ 49. Kf2 Rb2 50. Kf1 Ka1 51. g7 Rb1+ 52. Ke2 Rxb6 53. g8Q Rxc6 54. Qa8+ Kb2 55. Qxc6 1-0

[Event "Novi Ligure op 3rd"]
[Site "Novi Ligure"]
[Date "2008.10.12"]
[Round "5"]
[White "De Santis, Alessio"]
[Black "Roatta, Luca"]
[Result "1-0"]
[WhiteElo "2263"]
[BlackElo "2120"]
[PlyCount "77"]
[EventDate "2008.10.10"]
[EventType "swiss"]
[EventRounds "5"]
[EventCountry "ITA"]
[SourceTitle "EXT 2023"]
[Source "ChessBase"]
[SourceDate "2022.10.05"]
[SourceVersion "1"]
[SourceVersionDate "2022.10.05"]
[SourceQuality "1"]

1. d4 d5 2. c4 c6 3. Nc3 Nf6 4. Nf3 e6 5. g3 Nbd7 6. Bg2 Be7 7. 0-0 0-0 8. Qc2 Re8 9. Rd1 h6 10. b3 Bd6 11. Bb2 Qe7 12. e4 dxe4 13. Nxe4 Nxe4 14. Qxe4 Nf6 15. Qc2 Bd7 16. a4 Rad8 17. a5 a6 18. Ne5 Bc8 19. Nd3 Qc7 20. Bc3 Nd7 21. Qb2 Bf8 22. b4 g6 23. d5 e5 24. dxc6 bxc6 25. b5 Bb7 26. b6 Qb8 27. Nxe5 Nxe5 28. Rxd8 Qxd8 29. Bxe5 Rxe5 30. Qxe5 Bg7 31. Qe1 Bxa1 32. Qxa1 Qd3 33. Qe5 Qd1+ 34. Bf1 Qd7 35. c5 Bc8 36. Qd6 Qe6 37. Qb8 Qd7 38. Bxa6 Kg7 39. Qxc8 1-0

[Event "Novi Ligure op 3rd"]
[Site "Novi Ligure"]
[Date "2008.10.11"]
[Round "2"]
[White "Roatta, Luca"]
[Black "Kizov, Atanas"]
[Result "0-1"]
[WhiteElo "2120"]
[BlackElo "2439"]
[PlyCount "68"]
[EventDate "2008.10.10"]
[EventType "swiss"]
[EventRounds "5"]
[EventCountry "ITA"]
[SourceTitle "EXT 2023"]
[Source "ChessBase"]
[SourceDate "2022.10.05"]
[SourceVersion "1"]
[SourceVersionDate "2022.10.05"]
[SourceQuality "1"]

1. d4 d5 2. c3 Nf6 3. Nf3 c5 4. dxc5 e6 5. b4 a5 6. e3 axb4 7. cxb4 b6 8. Bb2 bxc5 9. b5 c4 10. Bc3 Ne4 11. a4 Nxc3 12. Nxc3 Bb4 13. Qc2 Qa5 14. Kd2 Nd7 15. Nd4 Bb7 16. Nde2 Nc5 17. Kd1 Nd3 18. Rg1 Nxf2+ 19. Kc1 Nd3+ 20. Kb1 e5 21. Nd1 0-0 22. g4 Ne1 23. Qb2 Nf3 24. Rg3 Nd2+ 25. Kc2 Nxf1 26. Rh3 d4 27. Ng3 d3+ 28. Kb1 c3 29. Qf2 Nd2+ 30. Kc1 Nb3+ 31. Kb1 c2+ 32. Kb2 cxd1N+ 33. Rxd1 Bc3+ 34. Kb1 Qxa4 0-1

[Event "Novi Ligure op 1st"]
[Site "Novi Ligure"]
[Date "2006.10.15"]
[Round "5"]
[White "Roatta, Luca"]
[Black "Pulito, Alberto"]
[Result "0-1"]
[WhiteElo "2122"]
[BlackElo "2230"]
[PlyCount "50"]
[EventDate "2006.10.13"]
[EventType "swiss"]
[EventRounds "5"]
[EventCountry "ITA"]
[SourceTitle "EXT 2007"]
[Source "ChessBase"]
[SourceDate "2006.11.23"]
[SourceVersion "1"]
[SourceVersionDate "2006.11.23"]
[SourceQuality "1"]

1. d4 d5 2. Nf3 Nf6 3. Bf4 e6 4. e3 c5 5. c3 Nc6 6. Nbd2 Bd6 7. Ne5 Qc7 8. Bb5 0-0 9. Ndf3 Ne4 10. Nxc6 bxc6 11. Bxd6 Qxd6 12. Bd3 cxd4 13. Bxe4 dxe4 14. Qxd4 Qd5 15. Nd2 f5 16. Nb3 e5 17. Qxd5+ cxd5 18. 0-0-0 Be6 19. Nc5 Kf7 20. Rd2 Rac8 21. b4 Rfd8 22. Rhd1 Rb8 23. a3 a5 24. Rb2 Rdc8 25. Kd2 Rxc5 0-1

[Event "Genova op 10th"]
[Site "Genova"]
[Date "2006.08.12"]
[Round "7"]
[White "Roatta, Luca"]
[Black "Astengo, Marcello"]
[Result "0-1"]
[WhiteElo "2151"]
[BlackElo "2109"]
[PlyCount "60"]
[EventDate "2006.08.07"]
[EventType "swiss"]
[EventRounds "9"]
[EventCountry "ITA"]
[SourceTitle "CBM 113 Extra"]
[Source "ChessBase"]
[SourceDate "2006.09.14"]
[SourceVersion "1"]
[SourceVersionDate "2006.09.14"]
[SourceQuality "1"]

1. d4 d5 2. Nf3 Nf6 3. Bf4 c5 4. e3 Nc6 5. Nbd2 Qb6 6. dxc5 Qxb2 7. Bd3 e6 8. 0-0 Bxc5 9. Rb1 Qa3 10. Rb3 Qxa2 11. Rb5 Be7 12. Nb1 Ne4 13. Nfd2 a6 14. Rb3 Nc5 15. Qg4 0-0 16. Bh6 Bf6 17. Qh3 Nxd3 18. cxd3 gxh6 19. Qxh6 Bg7 20. Qg5 Kh8 21. d4 Qc2 22. e4 Nxd4 23. Rh3 e5 24. Rh5 dxe4 25. Qh4 Bf5 26. Na3 Qxd2 27. Nc4 Qf4 28. Qe7 Rac8 29. Rh4 Bg4 30. Ne3 Bf6 0-1

[Event "Genova op 10th"]
[Site "Genova"]
[Date "2006.08.11"]
[Round "5"]
[White "Berni, Mauro"]
[Black "Roatta, Luca"]
[Result "0-1"]
[WhiteElo "2078"]
[BlackElo "2151"]
[PlyCount "96"]
[EventDate "2006.08.07"]
[EventType "swiss"]
[EventRounds "9"]
[EventCountry "ITA"]
[SourceTitle "CBM 113 Extra"]
[Source "ChessBase"]
[SourceDate "2006.09.14"]
[SourceVersion "1"]
[SourceVersionDate "2006.09.14"]
[SourceQuality "1"]

1. Nf3 d5 2. d4 Nf6 3. e3 Bf5 4. Bd3 Ne4 5. Nc3 e6 6. 0-0 Nd7 7. Bxe4 dxe4 8. Nd2 Nf6 9. f3 exf3 10. Nxf3 Be7 11. Qe2 0-0 12. e4 Bg6 13. Bf4 c5 14. d5 exd5 15. exd5 Re8 16. Qd2 Nh5 17. Be3 Bd6 18. Nb5 Rxe3 19. Qxe3 Bf4 20. Qb3 Qd7 21. c4 a6 22. Na3 Re8 23. Rae1 Be4 24. Qd1 Qd6 25. Nb1 Qh6 26. Qe2 f5 27. Nc3 g5 28. Qf2 g4 29. Nxe4 fxe4 30. Nh4 Bxh2+ 31. Kxh2 g3+ 32. Qxg3+ Nxg3 33. Kxg3 Re5 34. Rf4 Rg5+ 35. Kh3 Re5 36. Rexe4 Rxe4 37. Rxe4 Qd2 38. Re8+ Kf7 39. Rh8 Kf6 40. g3 b5 41. cxb5 axb5 42. Rxh7 Qxd5 43. Rh6+ Kf7 44. Rh7+ Ke8 45. Ra7 Qe6+ 46. g4 Qe3+ 47. Kg2 c4 48. a4 Qxa7 0-1

[Event "Genova op 10th"]
[Site "Genova"]
[Date "2006.08.07"]
[Round "1"]
[White "Bacigalupo, Claudio"]
[Black "Roatta, Luca"]
[Result "1-0"]
[WhiteElo "1999"]
[BlackElo "2151"]
[PlyCount "89"]
[EventDate "2006.08.07"]
[EventType "swiss"]
[EventRounds "9"]
[EventCountry "ITA"]
[SourceTitle "CBM 113 Extra"]
[Source "ChessBase"]
[SourceDate "2006.09.14"]
[SourceVersion "1"]
[SourceVersionDate "2006.09.14"]
[SourceQuality "1"]

1. d4 d5 2. c4 c6 3. Nf3 Nf6 4. Nc3 e6 5. Bg5 Be7 6. e3 Nbd7 7. cxd5 exd5 8. Bd3 Ne4 9. Bxe7 Qxe7 10. Qc2 f5 11. 0-0 g5 12. Rae1 g4 13. Nd2 Ndf6 14. Ne2 Bd7 15. Nf4 0-0-0 16. Nxe4 fxe4 17. Be2 Kb8 18. Rb1 Rc8 19. b4 Ne8 20. a4 Nc7 21. Qb3 Ne6 22. Nxe6 Bxe6 23. a5 Rhf8 24. Qc3 Rf6 25. Qc5 Qc7 26. b5 Rh6 27. g3 Qxa5 28. bxc6 Qxc5 29. Rxb7+ Ka8 30. dxc5 Rxc6 31. Rfb1 Rb6 32. R7xb6 axb6 33. Rxb6 Rg6 34. Bb5 Ka7 35. Rd6 Bg8 36. Rxg6 hxg6 37. Kf1 Be6 38. Ke2 Bc8 39. Kd2 Ba6 40. Bd7 Bc4 41. Kc3 Kb7 42. Kd4 Kc7 43. Bxg4 Kc6 44. h4 Bb3 45. Be6 1-0

[Event "Imperia op 33rd"]
[Site "Imperia"]
[Date "1991.09.15"]
[Round "9.14"]
[White "Lanni, Emanuele"]
[Black "Roatta, Luca"]
[Result "0-1"]
[WhiteElo "1960"]
[BlackElo "2016"]
[PlyCount "72"]
[EventDate "1991.09.07"]
[EventType "swiss"]
[EventRounds "9"]
[EventCountry "ITA"]
[SourceTitle "EXT 2024"]
[Source "ChessBase"]
[SourceDate "2023.10.10"]
[SourceVersion "1"]
[SourceVersionDate "2023.10.10"]
[SourceQuality "1"]

1. e4 c6 2. d4 d5 3. e5 Bf5 4. Nc3 h5 5. Bd3 Bxd3 6. Qxd3 e6 7. Be3 Nh6 8. Nf3 Nf5 9. 0-0 Be7 10. a4 g5 11. Ne2 Nd7 12. b4 g4 13. Nd2 a6 14. b5 c5 15. c4 cxd4 16. Bxd4 dxc4 17. Nxc4 Nc5 18. Qc3 Ne4 19. Qb2 Bh4 20. Rad1 0-0 21. Qb1 Qc7 22. Rc1 Nxd4 23. Nxd4 Nxf2 24. bxa6 Qc5 25. Qb2 Nd3 26. Nb6 Qxe5 27. Qc3 Nxc1 28. axb7 Rad8 29. a5 Rxd4 30. Qxc1 Qxa5 31. Qc6 Qe5 32. Nd7 Qe3+ 33. Kh1 Qd3 34. Rg1 Rxd7 35. g3 Qd5+ 36. Qxd5 exd5 0-1

[Event "Imperia op 33rd"]
[Site "Imperia"]
[Date "1991.09.09"]
[Round "4.25"]
[White "Gresser, Gisela Kahn"]
[Black "Roatta, Luca"]
[Result "0-1"]
[WhiteElo "2090"]
[BlackElo "2016"]
[PlyCount "62"]
[EventDate "1991.09.07"]
[EventType "swiss"]
[EventRounds "9"]
[EventCountry "ITA"]
[SourceTitle "EXT 2024"]
[Source "ChessBase"]
[SourceDate "2023.10.10"]
[SourceVersion "1"]
[SourceVersionDate "2023.10.10"]
[SourceQuality "1"]

1. e4 c6 2. Nc3 d5 3. Nf3 Nf6 4. e5 Ne4 5. d4 Bf5 6. Bd3 e6 7. 0-0 c5 8. Re1 Nxc3 9. bxc3 Bxd3 10. cxd3 Nc6 11. Qa4 a6 12. dxc5 Bxc5 13. d4 b5 14. Qc2 Be7 15. Bd2 0-0 16. a4 Qb6 17. Qb2 Na5 18. Bg5 Bxg5 19. Nxg5 h6 20. Nf3 Rfc8 21. Nd2 Rab8 22. axb5 axb5 23. Reb1 Nc4 24. Nxc4 Rxc4 25. h3 b4 26. Ra4 bxc3 27. Qxb6 Rxb6 28. Rxb6 Rxa4 29. Rb1 Rxd4 30. Rc1 Rc4 31. Kf1 Kh7 0-1

[Event "Imperia op 33rd"]
[Site "Imperia"]
[Date "1991.09.08"]
[Round "2.18"]
[White "Melich, Jindrich"]
[Black "Roatta, Luca"]
[Result "1/2-1/2"]
[WhiteElo "2205"]
[BlackElo "2016"]
[PlyCount "66"]
[EventDate "1991.09.07"]
[EventType "swiss"]
[EventRounds "9"]
[EventCountry "ITA"]
[SourceTitle "EXT 2024"]
[Source "ChessBase"]
[SourceDate "2023.10.10"]
[SourceVersion "1"]
[SourceVersionDate "2023.10.10"]
[SourceQuality "1"]

1. b4 e5 2. Bb2 Bxb4 3. Bxe5 Nf6 4. Nf3 Nc6 5. Bb2 d5 6. e3 Bf5 7. Be2 Qe7 8. 0-0 Rd8 9. d4 Bd6 10. c4 dxc4 11. Bxc4 0-0 12. Nc3 Na5 13. Bd3 Bxd3 14. Qxd3 c5 15. Nb5 c4 16. Qc2 a6 17. Nxd6 Qxd6 18. e4 Qf4 19. Rfe1 b5 20. Bc3 Nb7 21. a4 Rfe8 22. axb5 axb5 23. Rab1 Nxe4 24. Rxb5 Nbd6 25. Re5 Rxe5 26. dxe5 Nxc3 27. exd6 Nd5 28. Ne5 c3 29. g3 Qd2 30. Qxd2 cxd2 31. Rd1 Rxd6 32. Rxd2 Kf8 33. Nc4 Rd7 1/2-1/2

[Event "Imperia op 33rd"]
[Site "Imperia"]
[Date "1991.09.07"]
[Round "1.5"]
[White "Roatta, Luca"]
[Black "Tiviakov, Sergei"]
[Result "0-1"]
[WhiteElo "2016"]
[BlackElo "2535"]
[PlyCount "78"]
[EventDate "1991.09.07"]
[EventType "swiss"]
[EventRounds "9"]
[EventCountry "ITA"]
[SourceTitle "EXT 2024"]
[Source "ChessBase"]
[SourceDate "2023.10.10"]
[SourceVersion "1"]
[SourceVersionDate "2023.10.10"]
[SourceQuality "1"]

1. d4 Nf6 2. Nf3 e6 3. Bf4 b6 4. e3 Bb7 5. Nbd2 c5 6. Bd3 Be7 7. c3 Nc6 8. Qe2 0-0 9. Rd1 d6 10. h3 Qc7 11. 0-0 Rac8 12. dxc5 bxc5 13. e4 Nd7 14. Nc4 Nb6 15. Ne3 Rcd8 16. Ng4 f6 17. Bg3 Rfe8 18. Nh4 Ne5 19. Nxe5 dxe5 20. Qg4 Bd6 21. Rfe1 c4 22. Bc2 Qc6 23. Qe2 Na4 24. Bxa4 Qxa4 25. b3 cxb3 26. axb3 Qc6 27. Qb2 Bc7 28. Rd2 Rxd2 29. Qxd2 Rd8 30. Qc2 Ba5 31. Re3 Bb6 32. Re1 Qd6 33. Qe2 Qd2 34. Nf3 Qxc3 35. Qb5 Bc6 36. Qa6 Qxb3 37. Rc1 Bxe4 38. Rc8 Qd5 39. Rxd8+ Qxd8 0-1

[Event "Imperia op 25th"]
[Site "Imperia"]
[Date "1983.09.11"]
[Round "9"]
[White "Vujovic, Milorad"]
[Black "Roatta, Luca"]
[Result "1-0"]
[WhiteElo "2440"]
[BlackElo "2004"]
[PlyCount "51"]
[EventDate "1983.09.03"]
[EventType "swiss"]
[EventRounds "9"]
[EventCountry "ITA"]
[SourceTitle "EXT 2023"]
[Source "ChessBase"]
[SourceDate "2022.10.05"]
[SourceVersion "1"]
[SourceVersionDate "2022.10.05"]
[SourceQuality "1"]

1. e4 c6 2. d4 d5 3. Nc3 dxe4 4. Nxe4 Nd7 5. Bc4 Ngf6 6. Ng5 e6 7. N1f3 Bd6 8. Qe2 Nf8 9. Ne5 Bxe5 10. dxe5 Nd5 11. Ne4 Ng6 12. Nd6+ Kf8 13. Bd2 Rb8 14. g3 Qb6 15. 0-0-0 Kg8 16. h4 h5 17. Bd3 Nf8 18. g4 a5 19. Qf3 Qc7 20. gxh5 Nb4 21. Bxb4 axb4 22. Rhe1 Qe7 23. Qg3 f5 24. exf6 Qxf6 25. Ne8 Qh6+ 26. Kb1 1-0